Abriss der Vorgeschichte
Saved in:
| Main Author: | |
|---|---|
| Other Authors: | , , , , , |
| Format: | Book |
| Language: | German |
| Published: |
Múnich
R. Oldenbourg
1957
|
| Subjects: | |
| Tags: |
Add Tag
No Tags, Be the first to tag this record!
|
MARC
| LEADER | 00000nam a2200000 a 4500 | ||
|---|---|---|---|
| 001 | UCN7280 | ||
| 003 | CL-VaPUC | ||
| 005 | 20231102151814.0 | ||
| 008 | 011012e19570000GW |||||||||||||||||ger|d | ||
| 999 | |c 297680 |d 297678 | ||
| 040 | |c Pontificia Universidad Católica de Valparaíso | ||
| 082 | 0 | 4 | |a 930.1 |b NAR |2 21 |
| 100 | |a Narr, Karl J. |e verfasser |9 463166 | ||
| 245 | 1 | 0 | |a Abriss der Vorgeschichte |
| 260 | |a Múnich |b R. Oldenbourg |c 1957 | ||
| 300 | |a 266 p | ||
| 583 | |a last modification |c 20011012 00:00:00 |k Rodrigo Vera | ||
| 650 | 0 | |a Prehistoria |9 316557 | |
| 650 | 7 | |a HOMBRE PREIHISTORICO |2 CL-VaPUC |9 463173 | |
| 650 | 7 | |a PALEOLITICO |2 CL-VaPUC |9 431728 | |
| 650 | 7 | |a NEOLITICO |2 CL-VaPUC |9 463174 | |
| 700 | 0 | |a Schulz-Weidner, Willy |e verfasser |9 463167 | |
| 700 | 0 | |a Fürer-Haimendorf, Christoph von |e verfasser |9 463168 | |
| 700 | 0 | |a Christie, Anthony |e verfasser |9 463169 | |
| 700 | 0 | |a Loehr, Max |e verfasser |9 463170 | |
| 700 | 0 | |a Jettmer, Karl |e verfasser |9 463171 | |
| 700 | |a Menghin, Osvaldo F. A. |e verfasser |9 535715 | ||
| 942 | |c BK |2 ddc | ||
| 945 | |d 20011012 00:00:00 |a crobeson | ||
| 952 | |0 0 |1 0 |4 0 |6 930_100000000000000_NAR_1957 |7 0 |8 A |9 352607 |a BIBHIS |b BIBHIS |d 2019-11-21 |i 3710068 |o 930.1 NAR 1957 |p 3710068 |r 2023-01-25 |w 2019-11-21 |y BK |k HIS | ||